Estadísticas para Top 20 ciudades más pobladas en 2050

Haz click aquí para intentar la prueba.

Estadísticas generales

  • Esta prueba ha sido intentada 38 veces
  • La puntuación promedio es 15 de 20

Estadísticas de respuestas

PoblaciónCiudadPaís% Correcto
24 millonesEl CairoEgipto
97%
32,6 millonesTokioJapón
97%
42,4 millonesBombayIndia
94%
24,3 millonesCiudad de MéxicoMéxico
92%
23,5 millonesManilaFilipinas
92%
24,8 millonesNueva YorkEstados Unidos
92%
22,8 millonesSao PauloBrasil
92%
36,2 millonesDelhiIndia
89%
16,4 milonesLos ÁngelesEstados Unidos
89%
17 millonesKabulAfganistán
83%
35,2 millonesDacaBangladés
78%
32,6 millonesLagosNigeria
78%
21,3 millonesShangháiChina
78%
35 millonesKinshasaRD Congo
69%
33 millonesCalcutaIndia
67%
16 millonesJartumSudán
61%
31,7 millonesKarachiPakistán
58%
15,9 millonesDar es-SalamTanzania
53%
17,4 millonesLahorePakistán
36%
16,2 millonesChennaiIndia
33%

Distribución de puntuación

Porcentaje por número respondido

Porcentaje de gente con cada puntuación

Historial de tus puntuaciones

No has intentado esta prueba.